00753 2200217 4500001002100000005001500021035002000036245015800056100002400214250002000238300003800258856002200296700006700318260003700385082001100422084001700433020001800450650001600468008004100484990001000525INLIS00000000114807720260330105427 a0010-03260005881 aPESAN PENUH CINTA :b25 Wasiat Istimewa Nabi untuk Wanita /cPenulis; Majdi Fathi Ibrahim, Editor; Risma Wahyu H, Tata Letak & Desai Sampul; Aulia Rahmat0 aMajdi Fathi Ibrahim aCetakan Pertama a250 halaman ;c13 x 19 cmeKertas aPerpustakaan Umum0 aEditor; Risma Wahyu H, Tata Letak & Desai Sampul; Aulia Rahmat aYogyakarta :bQudsi Media,c2025 a297.11 a297.11 MAJ p a978-99860-6-0 4aAgama Islam260330 0  a//001